Rozpoznaj miasto po zdjęciu #2 - Statystyki

Ogólne statystyki
  • Ten quiz został rozwiązany 53 razy
    45 od ostatniego zresetowania
  • Średni wynik to 11 z 16
Statystyki odpowiedzi
Obrazkowy Odpowiedź % Poprawnych
Londyn
100%
Rzym
100%
Ateny
97%
Moskwa
97%
Sydney
97%
Kraków
95%
Gdańsk
92%
Tokio
89%
Amsterdam
86%
Mediolan
57%
Poznań
41%
Praga
30%
Bangkok
27%
Monachium
22%
Wilno
14%
Bogota
8%
Nie znaleziono quizów pasujących do podanych kryteriów
Rozkład punktacji
Procent ludzi z każdym wynikiem
Percentyl według liczby udzielonych odpowiedzi
Twoja historia wyników
Nie rozwiązałeś tego quizu od ostatniego zresetowania